Wszyscy uczestnicy Grand Slam of Darts w historii - Statystyki

Ogólne statystyki
  • Ten quiz został rozwiązany 64 razy
  • Średni wynik to 50 z 168
Statystyki odpowiedzi
Lata (Kraj) Odpowiedź % Poprawnych
2016-2023 (Walia) Gerwyn Price
95%
2007-2008, 2010-2023 (Holandia) Michael van Gerwen
95%
2018, 2020-2021, 2023 (Polska) Krzysztof Ratajski
93%
2007-2017 (Anglia) Phil Taylor
93%
2007-2021, 2023 (Szkocja) Gary Anderson
89%
2015, 2018, 2020-2023 (Walia) Jonny Clayton
84%
2007-2018, 2021-2022 (Holandia) Raymond van Barneveld
84%
2011-2012, 2014, 2016,2019, 2023 (Irlandia Północna) Brendan Dolan
79%
2008-2010, 2012-2014,2016-2018, 2020, 2022 (Australia) Simon Whitlock
79%
2013-2015, 2017-2023 (Anglia) Michael Smith
77%
2007-2016, 2019 (Anglia) Adrian Lewis
75%
2016, 2018-2020 (Belgia) Dimitri Van den Bergh
75%
2007-2021, 2023 (Anglia) James Wade
75%
2020, 2022-2023 (Australia) Damon Heta
73%
2017, 2019 (Irlandia Północna) Daryl Gurney
71%
2022-2023 (Irlandia Północna) Josh Rock
71%
2013-2023 (Szkocja) Peter Wright
71%
2017-2023 (Anglia) Rob Cross
71%
2016, 2019-2020, 2022-2023 (Anglia) Nathan Aspinall
70%
2019-2021 (Niemcy) Gabriel Clemens
68%
2020-2023 (Anglia) Luke Humphries
68%
2016-2018, 2021-2022 (Austria) Mensur Suljović
68%
2016-2017, 2019,2022-2023 (Holandia) Danny Noppert
66%
2020 (RPA) Devon Petersen
66%
2020, 2022-2023 (Holandia) Dirk van Duijvenbode
66%
2018-2019, 2021-2022 (Niemcy) Martin Schindler
66%
2013, 2019, 2022 (Anglia) Ross Smith
66%
2014, 2017-2018,2021, 2023 (Anglia) Stephen Bunting
66%
2019 (Irlandia) William O'Connor
64%
2007-2009, 2011-2012 (Kanada) John Part
63%
2020-2021 (Portugalia) José de Sousa
63%
2016, 2021, 2023 (Anglia) Chris Dobey
61%
2010-2011, 2013-2017,2019-2020, 2022-2023 (Anglia) Dave Chisnall
59%
2021 (Chorwacja) Boris Krčmar
57%
2023 (Niemcy) Ricardo Pietreczko
57%
2020, 2022 (Czechy) Adam Gawlas
55%
2023 (Holandia) Gian van Veen
54%
2013-2015 (Belgia) Kim Huybrechts
54%
2021 (Belgia) Mike De Decker
54%
2018, 2020, 2022-2023 (Anglia) Ryan Searle
54%
2010, 2021 (Szkocja) John Henderson
52%
2020-2022 (Anglia) Joe Cullen
50%
2021-2023 (Anglia) Fallon Sherrock
48%
2016, 2018 (Niemcy) Max Hopp
46%
2021-2023 (Irlandia Północna) Nathan Rafferty
46%
2023 (Japonia) Haruki Muramatsu
45%
2021 (Kanada) Matt Campbell
45%
2022 (Szkocja) Alan Soutar
43%
2023 (Anglia) Beau Greaves
43%
2017, 2019, 2023 (Irlandia) Steve Lennon
43%
2007-2011, 2013-2014 (Holandia) Vincent van der Voort
43%
2016 (Kanada) Jeff Smith
41%
2017 (Szkocja) Cameron Menzies
39%
2020, 2022 (Holandia) Jermaine Wattimena
39%
2022 (USA) Leonard Gates
39%
2019-2020 (Japonia) Mikuru Suzuki
39%
2014-2015, 2021 (Austria) Rowby-John Rodriguez
39%
2020-2021 (Anglia) Ryan Joyce
39%
2023 (USA) Stowe Buntz
39%
2018, 2023 (Anglia) Andrew Gilding
38%
2018-2019, 2021 (Walia) Jim Williams
38%
2013-2014, 2017 (Belgia) Ronny Huybrechts
38%
2022 (Anglia) Scott Williams
38%
2008-2010, 2012-2016, 2019 (Szkocja) Robert Thornton
36%
2022 (Filipiny) Christian Perez
34%
2019-2022 (Anglia) Lisa Ashton
34%
2022 (Anglia) Luke Woodhouse
34%
2007-2013, 2015, 2017-2018 (Walia) Mark Webster
34%
2007-2015, 2021 (Anglia) Mervyn King
34%
2011, 2015-2016, 2018-2020 (Anglia) Ian White
32%
2017 (Holandia) Jeffrey De Zwaan
32%
2007 (Anglia) Peter Manley
32%
2007, 2009-2014, 2016 (Anglia) Scott Waites
32%
2016-2020 (Anglia) Glen Durrant
30%
2023 (Szkocja) Nathan Girvan
30%
2017, 2023 (Szkocja) Berry van Peer
29%
2009-2012 (Holandia) Co Stompé
29%
2007 (Anglia) Dennis Priestley
29%
2023 (Holandia) Martijn Kleermaker
29%
2007-2009 (Anglia) Wayne Mardle
29%
2021 (Anglia) Bradley Brooks
27%
2014, 2016-2017, 2019 (Anglia) Darren Webster
27%
2022 (Anglia) Ritchie Edhouse
27%
2017 (Australia) Corey Cadby
25%
2013, 2020 (Anglia) Ricky Evans
25%
2009-2012, 2015 (Anglia) Steve Beaton
25%
2007-2009, 2012-2014 (Anglia) Andy Hamilton
23%
2021 (Austria) Rusty-Jake Rodriguez
23%
2007, 2015 (Holandia) Jelle Klaasen
21%
2008, 2010-2013 (Australia) Paul Nicholson
20%
2008-2009 (Rosja) Anastasia Dobromyslova
18%
2009-2013 (Anglia) Ted Hankey
18%
2007-2009, 2012-2013 (Anglia) Kevin Painter
16%
2007-2008 (Anglia) Andy Jenkins
14%
2010-2012 (Anglia) Arron Monk
14%
2019 (Anglia) Ryan Harrington
14%
2016, 2022 (Anglia) Ted Evetts
14%
2007-2012, 2014-2015 (Anglia) Terry Jenkins
14%
2007, 2011-2012 (Walia) Barrie Bates
13%
2014-2015, 2018 (Anglia) Keegan Brown
13%
2008-2009 (Anglia) Kirk Shepherd
13%
2015-2016 (Anglia) Martin Adams
13%
2019 (Holandia) Richard Veenstra
13%
2019-2020 (Walia) Wayne Warren
13%
2011-2014 (Anglia) Dean Winstanley
11%
2018 (Niemcy) Michael Unterbuchner
11%
2016 (Holandia) Benito van de Pas
9%
2012-2014 (Holandia) Christian Kist
9%
2009-2010 (Anglia) Colin Osborne
9%
2010-2011, 2013, 2020 (Anglia) Justin Pipe
9%
2015 (USA) Larry Butler
9%
2017 (Szkocja) Ross Montgomery
9%
2008 (Anglia) Alan Tabern
7%
2007-2010 (Anglia) Colin Lloyd
7%
2016-2017, 2019 (Anglia) Jamie Hughes
7%
2007 (Holandia) Roland Scholten
7%
2015 (Anglia) Steve West
7%
2009-2014 (Anglia) Tony O'Shea
7%
2008, 2010-2013 (Anglia) Wes Newton
7%
2020 (Anglia) Adam Hunt
5%
2014, 2016-2017 (Anglia) Alan Norris
5%
2014 (Anglia) Jamie Caven
5%
2011-2012, 2014 (Holandia) Jan Dekker
5%
2018 (Anglia) Josh Payne
5%
2015-2018 (Anglia) Scott Mitchell
5%
2010 (Anglia) Tricia Wright
5%
2018 (Anglia) Adam Smith-Neale
4%
2015 (Szkocja) Andy Boulton
4%
2007 (RPA) Charles Losper
4%
2007 (Anglia) Chris Mason
4%
2015 (Belgia) Geert De Vos
4%
2017-2018 (Anglia) Joe Murnan
4%
2013-2014 (Anglia) Richie George
4%
2007, 2010 (Anglia) Ronnie Baxter
4%
2010 (USA) Stacy Bromberg
4%
2018 (Anglia) Steve Hine
4%
2007, 2009-2012, 2015 (Anglia) Wayne Jones
4%
2015 (Anglia) Andy Fordham
2%
2008 (Irlandia Północna) Colin McGarry
2%
2008-2009 (USA) Darin Young
2%
2008-2010, 2016 (Anglia) Darryl Fitton
2%
2007-2009 (USA) Gary Mawson
2%
2011-2012 (Anglia) James Hubbard
2%
2007-2009 (Anglia) Kevin McDine
2%
2011 (Szwecja) Magnus Caris
2%
2010 (Anglia) Mark Hylton
2%
2017-2018 (Anglia) Mark McGeeney
2%
2015 (Holandia) Mark Oosterhuis
2%
2011-2013 (Anglia) Mark Walsh
2%
2016 (Anglia) Nathan Derry
2%
2007-2008 (Holandia) Niels de Ruiter
2%
2007 (Australia) Pat Orreal
2%
2017 (Australia) Peter Machin
2%
2007-2008 (Anglia) Phill Nixon
2%
2012-2014, 2018-2019 (Holandia) Wesley Harms
2%
2008-2009 (Anglia) Brian Woods
0%
2019 (Anglia) Dave Parletti
0%
2008-2009 (Anglia) Denis Ovens
0%
2009 (Holandia) Francis Hoenselaar
0%
2018 (Anglia) Gary Robson
0%
2016-2017 (Anglia) James Wilson
0%
2010-2012, 2015 (Anglia) Martin Phillips
0%
2015 (Holandia) Michel van der Horst
0%
2011 (Anglia) Nigel Heydon
0%
2014-2015, 2017 (Anglia) Robbie Green
0%
2007 (Anglia) Shaun Greatbatch
0%
2009 (Anglia) Steve Maish
0%
2013 (Anglia) Stuart Kellett
0%
Nie znaleziono quizów pasujących do podanych kryteriów
Rozkład punktacji
Procent ludzi z każdym wynikiem
Percentyl według liczby udzielonych odpowiedzi
Twoja historia wyników
Nie rozwiązałeś tego quizu